دبلوماسية القيادة بالذكاء العاطفى / (Record no. 61335)
[ view plain ]
| 000 -الفاتح | |
|---|---|
| حقل البيانات ثابتة الطول | 00944nam a22002417a 4500 |
| 005 - وقت وتاريخ اخر تعامل مع التسجيلة | |
| رقم الضبط | 20240530110454.0 |
| 008 - عناصر البيانات ثابتة الطول - معلومات عامة | |
| حقل البيانات ثابتة الطول | 150531s2009 ua ad g 000 0 ara d |
| 017 ## - رقم الايداع القانونى | |
| رقم الايداع القانونى | 2009/8805 |
| المصدر ( الهيئة المختصة) | مصر . دار الكتب المصرية |
| 020 ## - الرقم الدولى المعيارى للكتب | |
| الرقم الدولى المعيارى للكتاب | 977337338x |
| 040 ## - مصدر الفهرسة | |
| وكالة الفهرسة الأصلية | EG-CaGPL |
| 082 04 - رقم تصنيف ديوى العشرى | |
| رقم الطبعة | 21 |
| رقم التصنيف | 658.409\ |
| رقم المادة | ع د |
| 245 00 - بيان العنوان | |
| العنوان | دبلوماسية القيادة بالذكاء العاطفى / |
| بيان المسئوليه,etc | مراجعة و تقديم عبدالرحمن توفيق |
| 260 ## - PUBLICATION, DISTRIBUTION, ETC. (IMPRINT) | |
| تاريخ النشر أو التوزيع | 2009 . |
| 300 ## - الوصف المادى | |
| التعداد | 311 ص : |
| تفاصيل ماديه اخرى للوعاء | جداول ؛ |
| أبعاد الوعاء | 24 سم . |
| 490 ## - بيان السلسلة | |
| عنوان السلسلة | سلسلة اصدارات بميك ؛ |
| 650 04 - المدخل الاضافى بالموضوع-مصطلح موضوعى | |
| مصطلح موضوعي | القيادة الادارية |
| 650 04 - المدخل الاضافى بالموضوع-مصطلح موضوعى | |
| مصطلح موضوعي | علم النفس الادارى |
| 650 04 - المدخل الاضافى بالموضوع-مصطلح موضوعى | |
| مصطلح موضوعي | الذكاء الادارى |
| 650 04 - المدخل الاضافى بالموضوع-مصطلح موضوعى | |
| مصطلح موضوعي | السلوك الادارى |
| التقسيم الفرعي العام | الذكاء |
| 700 0# - المدخل الاضافى - اسم شخصى | |
| الإسم الشخصى | عبدالرحمن توفيق |
| الدور | مراجع و مقدم |
| 942 ## - عناصر المدخل الإضافي( كوها) | |
| مصدر التصنيف او مخطط الترفيف | Dewey Decimal Classification |
| Koha [default] item type | كتاب |
| 260 ## - PUBLICATION, DISTRIBUTION, ETC. (IMPRINT) | |
| -- | القاهرة : |
| -- | ببميك ، |
| حالة التراجع | حالة الفقد | حالة تلف | ليس للاعارة | المكان المؤقت | الموقع الحالى | تاريخ الاكتساب | اجمالي اﻻعارات | رقم الطلب | الباركود | تاريخ اخر مشاهدة | تاريخ تفعيل السعر | نوع وعاء كوها |
|---|---|---|---|---|---|---|---|---|---|---|---|---|
| مكتبة القاهرة الكبرى | مكتبة القاهرة الكبرى | 05/31/2015 | 658.409\ ع د | 160609 | 05/31/2015 | 05/31/2015 | كتاب |

